[Event "Daehne Cup Region IV Rest"]
[Site "Isernhagen"]
[Date "2013.06.08"]
[Round "3"]
[White "Graue, Rainer"]
[Black "Schmidt, Frederik"]
[Result "1-0"]
[WhiteElo "1022"]
[BlackElo "1083"]
[PlyCount "127"]
[EventDate "2013.06.??"]
[EventType "swiss"]
[EventCountry "GER"]
[SourceTitle "EXT 2022"]
[Source "ChessBase"]
[SourceDate "2021.10.06"]
[SourceVersion "1"]
[SourceVersionDate "2021.10.06"]
[SourceQuality "1"]

1. d4 d5 2. c4 e5 3. dxe5 d4 4. e3 Bb4+ 5. Bd2 dxe3 6. fxe3 Qh4+ 7. g3 Qe4 8. Qf3 Bxd2+ 9. Nxd2 Qxe5 10. Rb1 Nf6 11. h3 0-0 12. Qf4 Nc6 13. Qxe5 Nxe5 14. Ngf3 Nxf3+ 15. Nxf3 Ne4 16. Rg1 Bf5 17. g4 Nd2 18. Nxd2 Bxb1 19. Nxb1 Rae8 20. Rg3 Re4 21. Bd3 Re5 22. b3 a5 23. Nc3 Rfe8 24. e4 c5 25. a4 h5 26. Kf2 h4 27. Rf3 R8e6 28. Ke3 g5 29. Rf5 Rxf5 30. gxf5 Rh6 31. Be2 f6 32. Nb5 Rh7 33. Nc3 Kf8 34. Nd5 Rf7 35. Bh5 Kg7 36. Bxf7 Kxf7 37. Kf3 Kf8 38. Kg4 Kf7 39. e5 fxe5 40. Kxg5 e4 41. Kxh4 e3 42. Nxe3 Kf6 43. Kg4 Kg7 44. Kg5 Kf7 45. h4 Ke7 46. h5 Kd6 47. Ng4 Ke7 48. Kg6 Kf8 49. h6 Kg8 50. h7+ Kh8 51. f6 b5 52. Kg5 Kxh7 53. cxb5 c4 54. bxc4 Kg8 55. b6 Kh8 56. b7 Kh7 57. Kf4 Kg6 58. b8Q Kh7 59. f7 Kg6 60. f8Q Kh5 61. Qh8+ Kg6 62. Qb6+ Kf7 63. Qh7+ Kf8 64. Qb8# 1-0

[Event "Hannover Region-ch"]
[Site "Hannover"]
[Date "2013.04.27"]
[Round "7"]
[White "Schramm, Christian1"]
[Black "Schmidt, Frederik"]
[Result "1-0"]
[WhiteElo "1403"]
[BlackElo "907"]
[PlyCount "81"]
[EventDate "2013.01.26"]
[EventType "swiss"]
[EventRounds "7"]
[EventCountry "GER"]
[SourceTitle "EXT 2021"]
[Source "ChessBase"]
[SourceDate "2020.10.23"]
[SourceVersion "1"]
[SourceVersionDate "2020.10.23"]
[SourceQuality "1"]

1. d4 d5 2. c4 e6 3. Nc3 Nf6 4. Bg5 c6 5. e3 Be7 6. Nf3 0-0 7. Rc1 Re8 8. cxd5 exd5 9. Qc2 Ne4 10. Bf4 Bf5 11. Bd3 Bd6 12. Bxd6 Qxd6 13. 0-0 Qg6 14. Nh4 Qg5 15. Nxf5 Qxf5 16. f3 Qg5 17. fxe4 Qxe3+ 18. Kh1 Nd7 19. exd5 Qxd4 20. dxc6 bxc6 21. Bxh7+ Kh8 22. Rxf7 Qe3 23. h3 Nf6 24. Bg6 Re6 25. Bf5 Re5 26. Rf1 Rae8 27. Qf2 Qg5 28. Rxa7 Nh5 29. g4 Nf6 30. h4 Qe3 31. Qxe3 Rxe3 32. Kg2 Nd5 33. Nxd5 cxd5 34. Rd7 Re2+ 35. Rf2 R2e5 36. b4 Kg8 37. a4 Rb8 38. b5 Kf8 39. Kf3 Rb6 40. h5 Rb8 41. Re2 1-0

[Event "Hannover Region-ch"]
[Site "Hannover"]
[Date "2013.02.23"]
[Round "3"]
[White "Schmidt, Frederik"]
[Black "Glaschak, Joachim"]
[Result "1-0"]
[WhiteElo "907"]
[BlackElo "1289"]
[PlyCount "39"]
[EventDate "2013.01.26"]
[EventType "swiss"]
[EventRounds "7"]
[EventCountry "GER"]
[SourceTitle "EXT 2021"]
[Source "ChessBase"]
[SourceDate "2020.10.23"]
[SourceVersion "1"]
[SourceVersionDate "2020.10.23"]
[SourceQuality "1"]

1. e4 e5 2. Nf3 d6 3. Nc3 Nf6 4. Bc4 h6 5. d3 Bg4 6. h3 Bh5 7. 0-0 a6 8. a3 Be7 9. Be3 b5 10. Ba2 c5 11. b4 cxb4 12. axb4 Qc8 13. Nd5 Nbd7 14. Rc1 Bd8 15. c4 Qb8 16. c5 0-0 17. c6 Nb6 18. c7 Qb7 19. cxd8Q Rfxd8 20. Nxb6 1-0

[Event "Daehne Cup Region 12/13 I Rest"]
[Site "Hannover"]
[Date "2012.11.21"]
[Round "3"]
[White "Schmidt, Frederik"]
[Black "Graue, Rainer"]
[Result "1/2-1/2"]
[WhiteElo "922"]
[BlackElo "1015"]
[PlyCount "35"]
[EventDate "2012.11.??"]
[EventType "swiss"]
[EventCountry "GER"]
[SourceTitle "EXT 2022"]
[Source "ChessBase"]
[SourceDate "2021.10.06"]
[SourceVersion "1"]
[SourceVersionDate "2021.10.06"]
[SourceQuality "1"]

1. e4 e5 2. Nf3 Nc6 3. Bc4 d6 4. c3 Na5 5. Qa4+ Nc6 6. Qd1 Nh6 7. 0-0 Be7 8. d4 f6 9. d5 Nb8 10. Nh4 Nf7 11. Be2 Bd7 12. Bg4 c6 13. c4 c5 14. Nc3 a6 15. Ne2 Bxg4 16. h3 Bd7 17. f4 Qc8 18. f5 1/2-1/2

[Event "Hannover-ch U14"]
[Site "Lehrte"]
[Date "2006.10.14"]
[Round "1"]
[White "Schmidt, Frederik"]
[Black "Choufatinski, Dimitri"]
[Result "0-1"]
[WhiteElo "732"]
[BlackElo "1296"]
[PlyCount "46"]
[EventDate "2006.10.14"]
[EventType "swiss"]
[EventRounds "7"]
[EventCountry "GER"]
[SourceTitle "EXT 2021"]
[Source "ChessBase"]
[SourceDate "2020.10.23"]
[SourceVersion "1"]
[SourceVersionDate "2020.10.23"]
[SourceQuality "1"]

1. e4 c6 2. Bc4 d5 3. exd5 cxd5 4. Bb3 Nf6 5. Nc3 Bf5 6. Nf3 e6 7. d3 Nc6 8. a3 Bg4 9. h3 Bh5 10. g4 Bg6 11. Qe2 Qc7 12. Nb5 Qb6 13. c4 dxc4 14. Bxc4 a6 15. Be3 Qa5+ 16. Bd2 Qd8 17. Ng5 Qe7 18. Bxe6 axb5 19. h4 Nd4 20. Qe5 Nxe6 21. Bb4 Qd7 22. h5 Bxb4+ 23. Ke2 Qxd3# 0-1